[Event "Brno op"]
[Site "Brno"]
[Date "2022.11.17"]
[Round "7"]
[White "Szkoludek, Sebastian"]
[Black "Owczarek, Monika"]
[Result "0-1"]
[WhiteElo "2003"]
[BlackElo "1491"]
[PlyCount "30"]
[EventDate "2022.11.12"]
[EventType "swiss"]
[EventRounds "9"]
[EventCountry "CZE"]
[SourceTitle "CBM 211 Extra"]
[Source "ChessBase"]
[SourceDate "2023.01.31"]
[SourceVersion "1"]
[SourceVersionDate "2023.01.31"]
[SourceQuality "1"]

1. g3 Nf6 2. Bg2 g6 3. c4 e5 4. Nc3 Bg7 5. e4 d6 6. Nge2 Nc6 7. 0-0 0-0 8. h3 Rb8 9. f4 Bd7 10. d3 a6 11. a4 Nb4 12. d4 exd4 13. Nxd4 Qc8 14. Qb3 Nc6 15. Be3 Bxh3 0-1

[Event "Brno op"]
[Site "Brno"]
[Date "2022.11.15"]
[Round "4"]
[White "Makhynia, Kostiantyn"]
[Black "Szkoludek, Sebastian"]
[Result "1-0"]
[WhiteElo "1773"]
[BlackElo "2003"]
[PlyCount "77"]
[EventDate "2022.11.12"]
[EventType "swiss"]
[EventRounds "9"]
[EventCountry "CZE"]
[SourceTitle "CBM 211 Extra"]
[Source "ChessBase"]
[SourceDate "2023.01.31"]
[SourceVersion "1"]
[SourceVersionDate "2023.01.31"]
[SourceQuality "1"]

1. d4 Nf6 2. Nf3 c5 3. d5 b5 4. Bg5 Qb6 5. a4 b4 6. a5 Qd8 7. c4 d6 8. Nbd2 g6 9. e4 Bg7 10. h3 0-0 11. Be2 e5 12. g4 Qc7 13. Rg1 Ne8 14. Nh4 Bf6 15. Bxf6 Nxf6 16. Qb3 Ne8 17. Qe3 Ng7 18. Qh6 Qe7 19. Ndf3 f6 20. b3 Rf7 21. Nxg6 hxg6 22. Nh4 Qe8 23. Nxg6 Rc7 24. g5 f5 25. Bh5 Nxh5 26. Qh8+ Kf7 27. Qxh5 Qg8 28. Nh4+ Kf8 29. Ng6+ Kf7 30. Nh4+ Kf8 31. exf5 Qh7 32. Qg4 Qg7 33. Qe4 Nd7 34. Rg4 Ke8 35. f6 Qg8 36. Nf5 Qf8 37. Ng7+ Kf7 38. Ne6 Nxf6 39. Qf5 1-0

[Event "Olomouc op 23rd"]
[Site "Olomouc"]
[Date "2022.08.16"]
[Round "5"]
[White "Szkoludek, Sebastian"]
[Black "Cagasik, Tomas"]
[Result "0-1"]
[WhiteElo "1992"]
[BlackElo "2143"]
[PlyCount "46"]
[EventDate "2022.08.13"]
[EventType "swiss"]
[EventRounds "9"]
[EventCountry "CZE"]
[SourceTitle "CBM 209 Extra"]
[Source "ChessBase"]
[SourceDate "2022.09.30"]
[SourceVersion "1"]
[SourceVersionDate "2022.09.30"]
[SourceQuality "1"]

1. d4 b6 2. Nf3 Bb7 3. g3 Nf6 4. Bg2 c5 5. 0-0 g6 6. c4 cxd4 7. Nxd4 Bxg2 8. Kxg2 Qc8 9. b3 Bg7 10. Bb2 Qb7+ 11. Kg1 d6 12. Nc3 Nbd7 13. Re1 h5 14. e4 h4 15. Nd5 hxg3 16. hxg3 Ne5 17. Nb5 Nxd5 18. exd5 Qd7 19. Bxe5 Bxe5 20. Rc1 a6 21. Na3 Bb2 22. Nc2 Bxc1 23. Qxc1 Qh3 0-1

[Event "Brno op 10th"]
[Site "Brno"]
[Date "2021.11.23"]
[Round "4"]
[White "Szkoludek, Sebastian"]
[Black "Thuesen, Mogens Henrik"]
[Result "0-1"]
[WhiteElo "1916"]
[BlackElo "2188"]
[PlyCount "60"]
[EventDate "2021.11.20"]
[EventType "swiss"]
[EventRounds "9"]
[EventCountry "CZE"]
[SourceTitle "CBM 205 Extra"]
[Source "ChessBase"]
[SourceDate "2022.01.31"]
[SourceVersion "1"]
[SourceVersionDate "2022.01.31"]
[SourceQuality "1"]

1. Nf3 d5 2. c4 e6 3. g3 Nf6 4. Bg2 c5 5. 0-0 Nc6 6. b3 d4 7. d3 Be7 8. Bg5 0-0 9. Nbd2 e5 10. Bxf6 Bxf6 11. Ne1 Be6 12. Nc2 Qd7 13. Rb1 Be7 14. Qc1 Bh3 15. a3 Bxg2 16. Kxg2 a5 17. Qb2 Ra6 18. Rbe1 Rb6 19. Qa2 Nd8 20. h3 Rh6 21. Rh1 f5 22. e3 Qc6+ 23. e4 Bg5 24. Nf3 Qf6 25. Nxg5 Qxg5 26. h4 Qf6 27. Rhf1 Ne6 28. Na1 fxe4 29. Rxe4 Qf3+ 30. Kg1 Nf4 0-1

[Event "Hradec Kralove op 11th"]
[Site "Hradec Kralove"]
[Date "2021.11.11"]
[Round "7"]
[White "Smietanska, Wiktoria"]
[Black "Szkoludek, Sebastian"]
[Result "0-1"]
[WhiteElo "1777"]
[BlackElo "1908"]
[PlyCount "86"]
[EventDate "2021.11.06"]
[EventType "swiss"]
[EventRounds "9"]
[EventCountry "CZE"]
[SourceTitle "CBM 205 Extra"]
[Source "ChessBase"]
[SourceDate "2022.01.31"]
[SourceVersion "1"]
[SourceVersionDate "2022.01.31"]
[SourceQuality "1"]

1. e4 e6 2. d4 d5 3. Nd2 c5 4. exd5 Qxd5 5. dxc5 Bxc5 6. Ngf3 Nf6 7. Bc4 Qd8 8. 0-0 0-0 9. Qe2 Nc6 10. Nb3 Be7 11. c3 Qc7 12. Nbd4 Bd7 13. Bb3 Nxd4 14. Nxd4 Qa5 15. Re1 Rae8 16. Nf3 Qb5 17. Qxb5 Bxb5 18. Be3 b6 19. a4 Bc6 20. Ne5 Rc8 21. a5 Bc5 22. axb6 axb6 23. Ra7 Be4 24. f3 Bg6 25. Bxc5 Rxc5 26. Ba4 b5 27. Bb3 Rd8 28. f4 Rf8 29. Rd1 Rcc8 30. g4 Ra8 31. Rda1 Rad8 32. Rb7 Be4 33. Rxb5 Rd2 34. g5 Nh5 35. Ra7 Nxf4 36. Rb4 Nh3+ 37. Kf1 Bf5 38. Rbb7 Nxg5 39. h4 Ne4 40. Rxf7 Ng3+ 41. Kg1 Rxf7 42. Nxf7 Bh3 43. Ra8+ Kxf7 0-1